Szczegóły MARC21

Przewodnik do ćwiczeń z geografii łączności /

003 -Nazwa inst., której nr kontr. jest w polu 001 [,]
    • @
    • Nazwa instytucji, której n kontrolny jest w polu 001
    • NUKAT
005 -DATA I CZAS OSTATNIEJ MODYFIKACJI [,]
    • @
    • pole kontrolne
    • 20241231114948.0
040 -Instytucja sporządzająca opis [ , ]
    • a
    • Instytucja, która sporządziła opis (NP)
    • WA M/HB
    • c
    • Instytucja, która sporządziła rekord (NP)
    • WA M/HB
    • d
    • Instytucja, która zmodyfikowała rekord (P)
    • WA M/LS
    • d
    • Instytucja, która zmodyfikowała rekord (P)
    • WA U/MWs
942 -Rodzaj dokumentu [ , ]
    • c
    • Rodzaj dokumentu
    • Książka
100 -Hasło główne - nazwa osobowa [1, ]
    • a
    • Nazwa osobowa (NP)
    • Meyer, Beata.
    • 9
    • KHW
    • 11032
245 -Strefa tytułu i oznaczenia odpowiedzialności [1,0]
    • a
    • Tytuł
    • Przewodnik do ćwiczeń z geografii łączności / Find
    • c
    • Pozostałe elementy strefy tytułu i oznaczenia odpowiedzialności (NP)
    • Beata Bednarska-Meyer, Bronisław Dziedziul ; Uniwersytet Szczeciński.
260 -Strefa adresu wydawniczego [ , ]
    • a
    • Miejsce wydania (P)
    • Szczecin :
    • b
    • Nazwa wydawcy (P)
    • Wydawnictwo Naukowe Uniwersytetu Szczecińskiego,
    • c
    • Data wydania (P)
    • 1993.
300 -Strefa opisu fizycznego [ , ]
    • a
    • Określenie formy książki i/lub objętość (NP)
    • 23 s. ;
    • c
    • Format (NP)
    • 24 cm.
336 -Typ zawartości [ , ]
    • a
    • Termin opisujący typ zawartości
    • Tekst
    • b
    • Kod określający zawartość
    • txt
    • 2
    • Źródło (terminu i kodu)
    • rdacontent
337 -Typ mediów [ , ]
    • a
    • Tryb odtwarzania
    • Bez urządzenia pośredniczącego
    • b
    • Kod typu mediów
    • n
    • 2
    • Źródło (terminu i kodu)
    • rdamedia
338 -Typ/rodzaj nośnika [ , ]
    • a
    • Hasło opisujące typ nośnika
    • Wolumin
    • b
    • Kod typu nośnika
    • nc
    • 2
    • Źródło (terminu i kodu)
    • rdacarrier
504 -Uwaga dot. bibliogr. załącznikowej [ , ]
    • a
    • Uwaga dot. bibliografii załącznikowej
    • Bibliogr. s. 23 i przy rozdz.
080 -Uniwersalna Klasyfikacja Dziesiętna [ , ]
    • a
    • Symbol klasyfikacji
    • 371.671.13::911.3(0:378)
650 -Hasło przedmiotowe [ ,7]
    • a
    • Hasło przedmiotowe
    • Telekomunikacja
    • x
    • Określnik rzeczowy
    • studia i nauczanie
    • z
    • Określnik geograficzny
    • Polska
    • y
    • Określnik chronologiczny
    • 1990-.
    • 2
    • Źródło terminu
    • kaba
    • 9
    • KHW
    • 423933
980 -Symbol UKD [ , ]
    • a
    • UKD
    • 371.671.13::911.3(0:378)
700 -Hasło dodatkowe - nazwa osobowa [1, ]
    • a
    • Nazwa osobowa (NP)
    • Dziedziul, Bronisław Find
    • d
    • Daty biograficzne (NP)
    • (1934-1997).
    • 9
    • KHW
    • 424005
710 -Hasło dodatkowe - nazwa ciała zbiorowego [2, ]
    • a
    • Nazwa ciała zbiorowego lub nazwa geograficzna jako pierwszy element (NP)
    • Uniwersytet Szczeciński.
    • b
    • Nazwa jednostki podrzędnej (P)
    • Wydawnictwo Naukowe.
    • 4
    • Kod relacji
    • pbl
    • 9
    • KHW
    • 51208
Sygnatura Numer inwentarzowy Status udost. Lokalizacja Data inwentaryzacji
 E.61220-2BE1996-09-17
 S.748432BE1996-09-17
 S.748442BE1996-09-17
 S.748452BE1996-09-17
 S.748462BE1996-09-17
 S.748472BE1996-09-17
 S.748482BE1996-09-17
 S.748492BE1996-09-17
 S.748502BE1996-09-17
 S.748512BE1996-09-17
 S.748522BE1996-09-17
 S.748532BE1996-09-17
 S.748542BE1996-09-17
 S.74855-3BE1996-09-17
 S.748562BE1996-09-17
 S.748572BE1996-09-17
 S.748582BE1996-09-17
 S.748592BE1996-09-17
 S.788552BE1996-09-17
 S.788562BE1996-09-17
 S.788572BE1996-09-17
 S.788582BE1996-09-17
 TS.74860-11T1996-09-17
 TS.74861-11T1996-09-17
 TS.74862-11T1996-09-17
 TS.74863-11T1996-09-17
 TS.74864-11T1996-09-17
 TS.74865-11T1996-09-17
 TS.74866-11T1996-09-17
 TS.74867-11T1996-09-17
 TS.74868-11T1996-09-17
 TS.74869-11T1996-09-17
TS.74870TS.74870-11T1996-09-17
 TS.74871-11T1996-09-17
 TS.78859-11T1996-09-17
 TS.78860-11T1996-09-17
 TS.78861-11T1996-09-17